All DC Characters of note - Statistics

General Stats
  • This quiz has been taken 63 times
  • The average score is 150 of 500
Answer Stats
Answer % Correct
Azrael
96%
Batman (Bruce Wayne)
96%
Batman (Jace Fox)
96%
Cyborg-Superman
96%
Green Lantern (Tomar-Re)
96%
Superman
96%
Harley Quinn
93%
Joker
93%
Supergirl
93%
Batgirl (Cassandra Cain)
89%
Green Lantern (Abin Sur)
89%
Green Lantern (Alan Scott)
89%
Green Lantern (Arisia Rrab)
89%
Green Lantern (Chaselon)
89%
Green Lantern (Ch'p)
89%
Green Lantern (Guy Gardner)
89%
Green Lantern (Hal Jordan)
89%
Green Lantern (Jessica Cruz)
89%
Green Lantern (John Stewart)
89%
Green Lantern (Kilowog)
89%
Green Lantern (Mogo)
89%
Green Lantern (Simon Baz)
89%
Green Lantern (Tomar-Tu)
89%
Nightwing (Dick Grayson)
89%
Oracle (Barbara Gordon)
89%
Spoiler (Stephanie Brown)
89%
Wonder Woman
89%
Ace (The Bathound)
85%
Cyborg
85%
Emiko Queen
85%
Flash (Barry Allen)
85%
Flash (Bart Allen)
85%
Flash (Jay Garrick)
85%
Flash (Wally West)
85%
Green Arrow (Oliver Queen)
85%
Jesse Quick
85%
Red Arrow (Roy Harper)
85%
Red Hood (Jason Todd)
85%
Red Robin (Tim Drake)
85%
Reverse Flash
85%
Robin (Carrie Kelley)
85%
Aquaman (Arthur Curry)
81%
B'wana Beast
81%
Catwoman
81%
Penguin
81%
Raven
81%
Superboy (Connor Kent)
81%
Superboy (Jon Kent)
81%
Death
78%
Dr Death
78%
Lex Luthor
78%
Martian Manhunter
78%
Animal Man
74%
Animal-Vegetable-Mineral Man
74%
Aqualad (Kaldur'ahm)
74%
Batwoman (Kathy Kane)
74%
Captain Marvel
74%
Deathstroke
74%
Lois Lane
74%
Miss Martian
74%
Starfire
74%
Twoface
74%
Atom
70%
Bane
70%
Batwoman (Ryan Wilder)
70%
Captain Atom
70%
Darkseid
70%
Deadshot
70%
Dr Fate (Inza Cramer)
70%
Dr Fate (Kent Nelson)
70%
Lady Deathstroke
70%
Riddler
70%
Yellow Lantern (Sinestro)
70%
Zatana
70%
Jor El
67%
Killer Croc
67%
Star Spangled Kid
67%
White Canary (Sarah Lance)
67%
Black Canary (Dinah Lance)
63%
Black Lightning
63%
Booster Gold
63%
Commissioner James Gordon
63%
Hawk
63%
Krypto
63%
Aquawoman (Mera)
59%
Beastboy
59%
Black Adam
59%
Clayface
59%
Clock King
59%
Condiment King
59%
Fire
59%
General Zod
59%
Hawkgirl
59%
Hawkman
59%
Jimmy Olsen
59%
John Constantine
59%
Mon El
59%
Ra's Al Ghul
59%
Scar
59%
Sea King
59%
Sewer King
59%
Speedy (Thea Queen)
59%
Black Manta
56%
Brain
56%
Captain Cold
56%
Killer Frost
56%
Lor Zod
56%
Manbat
56%
Mr Freeze
56%
Mrs Manbat
56%
Scarecrow
56%
Stargirl
56%
Talia Al Ghul
56%
Bizarro
52%
Blue Beetle (Dan Garret)
52%
Blue Beetle (Jaime Reyes)
52%
Blue Beetle (Ted Cord)
52%
Brainiac
52%
Brainiac 5
52%
Cheetah
52%
Cosmic Boy
52%
King Shark
52%
Martha Wayne
52%
Plasticman
52%
Red Tornado
52%
Thomas Wayne
52%
Zatara
52%
Alfred Pennyworth
48%
Arsenal (Roy Harper)
48%
Captain Boomerang
48%
Dr Light
48%
Gorilla Grodd
48%
Klarion the Witch Boy
48%
The Question (Renee Montoya)
48%
Batwing
44%
Chameleon Boy
44%
Doomsday
44%
Dove
44%
Firestorm
44%
Jonathan Kent
44%
Martha Kent
44%
Perry White
44%
Super Woman
44%
The Question (Vic Sage)
44%
Amanda Waller
41%
Arm Fall Off Boy
41%
Blue Lantern (Saint Walker)
41%
Bouncing Boy
41%
Brother Blood
41%
Deadman
41%
Iris West
41%
Killer Moth
41%
Lagoon Boy
41%
Nite Owl
41%
Ocean Master
41%
Owlman
41%
Peacemaker
41%
Silk Spectre
41%
Solomon Grundy
41%
Swamp Thing
41%
Trigon
41%
Vixen
41%
Wildcat
41%
Atom Smasher
37%
Big Barda
37%
BumbleBee
37%
Elongatedman
37%
Jason Blood
37%
Red Lantern (Atrocitus)
37%
Spectre
37%
Star Sapphire (Carol Ferris)
37%
Zoom
37%
Catman
33%
Hugo Strange
33%
Huntress (Helena Wayne)
33%
Ice
33%
Lightning Lad
33%
Lobo
33%
Metamorpho
33%
Moira Queen
33%
Powergirl
33%
Red Lantern (Dex-Starr)
33%
Robert Queen
33%
Saturn Girl
33%
Starman
33%
Terra
33%
Wonder Girl (Donna Troy)
33%
Antimonitor
30%
Blackfire
30%
Bloodsport
30%
Element Lad
30%
Firefly
30%
Heatwave
30%
Hippolyta
30%
Katana
30%
Lena Luthor
30%
Lucius Fox
30%
Matter Eater Lad
30%
Mirror Master
30%
Mr Terrific
30%
Rick Flag Jr
30%
Static
30%
Ultraman
30%
Granny Goodness
26%
Indigo-1
26%
Metallo
26%
Mongul
26%
Orange Lantern (Larfleeze)
26%
Orion
26%
Parasite
26%
Phantom Girl
26%
Polkadotman
26%
Professor Pyg
26%
Shark
26%
Toyman
26%
Adam Strange
22%
Black Mask
22%
Blue Devil
22%
Cyclone
22%
Detective Harvey Bullock
22%
Giganta
22%
High Father
22%
Hourman
22%
Jakeem Thunder
22%
Johnny Thunder
22%
Kiteman
22%
Mad Hatter
22%
Mary Marvel
22%
Pack Rat
22%
Queen Bee
22%
Ravager (Rose Wilson)
22%
Shazam Jr (Freddy Freeman)
22%
Thunder
22%
Vandal Savage
22%
Vibe
22%
Vigilante
22%
AMAZO
19%
Bat-mite
19%
Black Hand
19%
Bronze Tiger
19%
Carmine Falcone
19%
Circe
19%
Desaad
19%
Detective Chimp
19%
Doctor Mid-Nite
19%
Dream
19%
Dream Girl
19%
Dr Psycho
19%
Dr Sivana
19%
Etrigan The Demon
19%
Fox
19%
Gizmo
19%
Halo
19%
Hercules
19%
Icicle Jr
19%
Icon
19%
Jinx
19%
Lady Shiva
19%
Mammoth
19%
Monitor
19%
Mr Mxyzptlk
19%
Sandman
19%
Steve Trevor
19%
Thinker
19%
Trickster
19%
Triplicate Girl
19%
Weather Wizard
19%
Atlan
15%
Atomic Skull
15%
Black Arrow (Malcolm Merlyn)
15%
Captain Triumph (Keith Smith)
15%
Cat Grant
15%
Cheshire
15%
Elastigirl
15%
Ganthet
15%
Gentleman Ghost
15%
Geoforce
15%
Golden Glider
15%
Guardian
15%
Henry Allen
15%
Javelin
15%
Jeremiah Arkham
15%
Joe Chill
15%
Joe West
15%
Johnny Quick
15%
Medusa
15%
Nekron
15%
Nora Allen
15%
Nora Freeze
15%
Orca
15%
Ozymandias
15%
Rocket
15%
Sportsmaster
15%
Atlanna
11%
Baby Doll
11%
Batman Beyond
11%
Bear
11%
Billy Numerous
11%
Copperhead
11%
Crazy Jane
11%
Despero
11%
Destiny
11%
Detective Quentin Lance
11%
Dolphin
11%
Dr Destiny
11%
Dr Manhatten
11%
Forager
11%
Golden Dragon
11%
Hades
11%
Jericho Wilson
11%
Jonah Hex
11%
Lucifer Morningstar
11%
Maxwell Lord
11%
Mongal
11%
Negativeman
11%
Power Ring
11%
Prisoner of War
11%
Ratcatcher
11%
Ratcatcher II
11%
Richard Dragon
11%
Robotman
11%
Rorschach
11%
Savitar
11%
Spartan (John Diggle)
11%
Stephen Wolf
11%
Tempest
11%
Ultrahumanite
11%
White Dragon
11%
Wild dog
11%
Wolf
11%
Apache Chief
7%
Appa
7%
Artemis Crock
7%
Babyface
7%
Balfunga
7%
Brick
7%
Calculator
7%
Captain David Singh
7%
Chief
7%
Danny the street
7%
Destruction
7%
Dr Harrison Wells
7%
Dr Stephen Shin
7%
Egghead
7%
Eradicator
7%
Eugene Choi
7%
Eve Teschmacher
7%
Felicity Smoke
7%
Green Beetle
7%
Grey Beetle
7%
Hammer Toes
7%
Hector Hammond
7%
Holiday
7%
Huntress (Helena Berteneli)
7%
Icicle Snr
7%
Joan Garrick
7%
Judomaster
7%
Keeya Adebayo
7%
Key Fingers
7%
King Nereus
7%
Kobra
7%
Leota Adebayo
7%
Leslie Thompkins
7%
Lightray
7%
Linda Park
7%
Ma'alefa'ak
7%
Madam Xanadu
7%
Magpie
7%
Mento
7%
Monsieur Mallah
7%
Mr Mind
7%
Mr Nobody
7%
Mrs Manface
7%
Null
7%
Operative
7%
Osensei
7%
Otis Berg
7%
Parallax
7%
Professor Ivo
7%
Ragman
7%
Rainbow Raider
7%
Ray
7%
Rick Flag Snr
7%
Scarface
7%
Shade
7%
Snapper Carr
7%
The Comedian
7%
Thomas Curry
7%
Titus (The Bathound)
7%
Tommy Merlyn
7%
Tula
7%
Ursa
7%
Warhawk
7%
Ya'Warra
7%
Yellow Lantern (Armadillo)
7%
Zodiac Master
7%
Abra Cadabra
4%
A Bug
4%
Atomic Knight
4%
Aya
4%
Beelzebub
4%
Bibbo Bibbowski
4%
Blabbo
4%
Black Condor
4%
Bob the Goon
4%
Carpenter
4%
Cavalier
4%
Charlie Charlie Horse
4%
Chemco
4%
Cinderblock
4%
Control Freak
4%
Darla Dudley
4%
Deadwater
4%
Dogwelder
4%
Dollmaker
4%
Dorothy Spinner
4%
Emilia Harcourt
4%
Engineer
4%
Erase
4%
Felix Faust
4%
Fred Bug
4%
Girder
4%
Gleek
4%
Glorius Gordon Godfrey
4%
Jayna
4%
John Economos
4%
King Tutt
4%
Lawrence the boom box goon
4%
Lazy Eyes
4%
Lock up
4%
Machos
4%
Marched Harriet
4%
Max Mercury
4%
Menos
4%
Merlin
4%
Mordred Le Fay
4%
Morgan Le Fay
4%
Mouseman
4%
Mr De'Condor
4%
Mr Murn
4%
Mr Toad
4%
Murk
4%
Music Meister
4%
Mutant Leader
4%
Naboo
4%
Negativewoman
4%
Orchid
4%
Penny Plunderer
4%
Presence
4%
Red Lantern (Bleez)
4%
Sapphire Stagg
4%
Sarah Essen
4%
Sayd
4%
Scandal Savage
4%
See-More
4%
Simon Stagg
4%
Slam Bradley
4%
Solovar
4%
Steve Lombard
4%
Stinky Feet
4%
Sue Dibny
4%
Sylvester Maroni
4%
Tawny II
4%
Tobias Whale
4%
Turtle
4%
Tweedle Dee
4%
Tweedle Dum
4%
Uncle Marvel
4%
Ventriloquist
4%
Vulko
4%
Vulture
4%
Wizard
4%
Zan
4%
Zebraman
4%
Pedro Pena
0%
Red Inferno
0%
Red Lantern (Razer)
0%
Red Lantern (Zilius Zox)
0%
Red Torpedo
0%
Red Volcano
0%
Rival
0%
Rupert Thorne
0%
Sasha Bordeaux
0%
Savant
0%
Sayeh
0%
Scavenger
0%
Sergeant Jackson Davies
0%
Shimmer
0%
Silver Monkey
0%
Simon Says
0%
Sovereign
0%
Spice
0%
Sugar
0%
Tarantula
0%
Tarpit
0%
T O Morrow
0%
Tony Zucco
0%
Top
0%
Topo
0%
Vostok
0%
No matching quizzes found
Score Distribution
Percent of People with Each Score
Percentile by Number Answered
Your Score History
You have not taken this quiz